000 00492nam a2200133Ia 4500
008 191129s9999 xx 000 0 und d
020 _a9789717241890
100 _aNicholas, Doug
245 _cDoug Nichols
_aBiblical sermons and studies on homosexuality, gay marriage and the bible:
_bfor study, teaching and preaching to the glory of god/
260 _aManila:
_bChristian Growth Ministries
_c2015
300 _a137 p. ;
_bill. :
_c21 cm.
650 _aReligion
650 _aSexual orientation
999 _c362794
_d362794